=LDR 00000nam 2200000 4500 =001 INLIS000000000003641 =005 20130612091938 =008 ***********************************Ind** =035 ##$$0010-061300000003641 =041 ##$$a Ind =082 ##$$a 507 =090 ##$$a 507, Pen =245 ##$$a Pendidikan sains yang humanistis, Sumaji =260 ##$$a 1998 $b Yogyakarta =300 ##$$a xiv, 268 hlm., ilus., 21 cm =650 ##$$a Sains =650 ##$$a Studi dan pengajaran =700 ##$$a Sumaji =850 ##$$a NBPNMAT